02298cam a2200421 a 4500999001700000001000900017003000900026005001700035008004100052020003100093020002800124035002300152035002000175040006400195043001200259082002300271100003900294245027200333250001900605264004900624264001000673300005100683336002600734337002800760338002700788500002300815504005100838505051600889650002601405651005801431653002301489655002401512700004401536856008301580906004501663942001201708952015601720 c29322d2929314773123EG-ScBUE20210804140042.0070319t2008 nyuab f b 001 0 eng d a9780205550579 (alk. paper) a0205550576 (alk. paper) a(OCoLC)ocm86109947 a(OCoLC)86109947 aDLCbengerdacDLCdBAKERdBTCTAdC#PdYDXCPdDLCdEG-ScBUE ad------00a320.91724bPAY2221 aPayne, Richard J.,d1949-eauthor.10aPolitics and culture in the developing world :bthe impact of globalization /cRichard J. Payne, Department of Politics and Government, Illinois State University, Jamal R. Nassar, College of Social and Behavioral Sciences, California State University, San Bernardino. aThird edition. 1aNew York :bPearson Education, Inc.,c[2008] 4cc2008 axix, 362 pages :billustrations, maps ;c24 cm 2rdacontentatextbtxt 2rdamediaaunmediatedbn 2rdacarrieravolumebnc aIncludes glossary. aIncludes bibliographical references and index.0 aGovernment, politics, and cultures in Africa, Asia, the Middle East, and Latin America -- Global interdependence -- Religion and politics -- Nationalism, colonialism, and independence -- Global and domestic inequalities -- Challenges of development -- The costs of development -- Women in the developing world -- Transitions to democracy and human rights -- Political leadership -- Bureaucracy -- Ethnicity, ethnic conflict, and conflict resolution -- Migration -- Foreign relations of the developing countries. 7aGlobalization.2BUEsh 7aDeveloping countriesxPolitics and government.2BUEsh bBUSBOLcAugust2021 vReading book9342321 aNassar, Jamal R.q(Jamal Raji)eauthor.413Table of contents onlyuhttp://www.loc.gov/catdir/toc/ecip0713/2007010980.html a7bcbccorignewd1eecipf20gy-gencatlg 2ddccBB 00102ddc40708BaccahaMAINbMAINc1STd2021-08-04ePurchaseg304.00h35755l0o320.91724 PAYp000050488r2025-07-15 00:00:00v380.00w2021-08-04yBB